000 00323pam a2200157a 44500
008 230515b2007 xxu||||| |||| 00| 0 eng d
020 _aNULL
041 _aMARATHI
082 _a891.46
100 _aBHANDARI
245 _aLAST BALANCE ZERO
250 _a1
260 _a
_bNA
_c2007
300 _a223
650 _aNULL
999 _c635871
_d635871